Life in fragments : essays in postmodern morality
Αποθηκεύτηκε σε:
| Κύριος συγγραφέας: | |
|---|---|
| Μορφή: | Βιβλίο |
| Γλώσσα: | English |
| Δημοσίευση: |
Oxford :
Blackwell,
1995
|
| Θέματα: | |
| Ετικέτες: |
Προσθήκη ετικέτας
Δεν υπάρχουν, Καταχωρήστε ετικέτα πρώτοι!
|
MARC
| LEADER | 00000nam a2200000 i 4500 | ||
|---|---|---|---|
| 001 | 1/8800 | ||
| 008 | 961126s1995 eng d | ||
| 020 | |a 0-631-19267-0 | ||
| 035 | |l 10017238 | ||
| 040 | |a GR-MY-UA |b gre |e aacr | ||
| 041 | 0 | |a eng | |
| 082 | 0 | |a 170 | |
| 100 | 1 | |a Bauman, Zygmunt, |d 1925-2017. | |
| 245 | 1 | 0 | |a Life in fragments : |b essays in postmodern morality / |c Zygmunt Bauman |
| 260 | |a Oxford : |b Blackwell, |c 1995 | ||
| 300 | |a 293 p. | ||
| 504 | |a Includes index | ||
| 650 | 0 | 0 | |a Ethics, Modern |y 20th century. |
| 650 | 0 | 0 | |a Postmodernism. |
| 650 | 0 | 0 | |a Civilization, Modern |y 20th century. |
| 852 | |a INST |b LESVOS |e 19961126 |h 170 BAU |p 005100012393 |q 005100012393 |t BK |y 0 | ||
| 909 | |a Λ |b 049003 | ||